LEADER 02504oam 22006134a 450 001 9910479999503321 005 20170924211817.0 010 $a1-5261-0993-X 010 $a1-5261-0923-9 035 $a(CKB)3710000000600998 035 $a(SSID)ssj0001654765 035 $a(PQKBManifestationID)16435195 035 $a(PQKBTitleCode)TC0001654765 035 $a(PQKBWorkID)14981714 035 $a(PQKB)10452436 035 $a(MiAaPQ)EBC4706932 035 $a(StDuBDS)EDZ0001535552 035 $a(OCoLC)959951493 035 $a(MdBmJHUP)muse59476 035 $a(EXLCZ)993710000000600998 100 $a20160420h20162016 uy 0 101 0 $aeng 135 $aurcnu|||||||| 181 $ctxt 182 $cc 183 $acr 200 14$aThe VP Advantage$eHow running mates influence home state voting in presidential elections /$fChristopher J. Devine and Kyle C. Kopko 210 1$aManchester, [England] :$cManchester University Press,$d2016. 210 4$d©2016 215 $a1 online resource (216 pages) $cillustrations, tables 300 $aBibliographic Level Mode of Issuance: Monograph 311 $a1-78499-338-7 311 $a1-78499-337-9 320 $aIncludes bibliographical references (pages 187-194) and index. 330 8 $aPolitical commentators, campaign operatives, and presidential candidates often believe that there is a vice presidential home state advantage in presidential elections. In recent elections, presidential campaigns have even changed their strategy in response to these perceived advantages. In this volume, Kopko and Devine demonstrate that vice presidential home state advantages are highly conditional but that a vice presidential candidate could change the outcome of a presidential election. 606 $aVice-Presidents$xElection$2fast$3(OCoLC)fst01166247 606 $aPresidents$xElection$2fast$3(OCoLC)fst01075747 606 $aVice-Presidents$zUnited States$xElection 606 $aPresidents$zUnited States$xElection 607 $aUnited States$2fast 608 $aElectronic books. 615 0$aVice-Presidents$xElection. 615 0$aPresidents$xElection. 615 0$aVice-Presidents$xElection. 615 0$aPresidents$xElection. 676 $a324.9/73 700 $aDevine$b Christopher$f1984-$0961567 702 $aKopko$b Kyle C. 801 0$bMdBmJHUP 801 1$bMdBmJHUP 906 $aBOOK 912 $a9910479999503321 996 $aThe VP Advantage$92180073 997 $aUNINA LEADER 01987nam0 2200469 i 450 001 RAV0168726 005 20251003044326.0 020 $aIT$b1926 2103 100 $a20011025d1926 ||||0itac50 ba 101 | $aita$cita 102 $ait 181 1$6z01$ai $bxxxe 182 1$6z01$an 183 1$6z01$anc$2RDAcarrier 200 1 $aˆIl ‰ritorno all'oro$fAttilio Cabiati 210 $aMilano$cCorbaccio$d1926 215 $a327 p.$d20 cm 225 | $aRes publica$v12 410 0$1001RAV0149310$12001 $aRes publica$v12 500 10$aˆIl ‰ritorno all'oro$3USM0037048$9234887 606 $aPolitica finanziaria$2FIR$3SBLC129225$9E 606 $aMoneta aurea$2FIR$3CFIC008463$9I 676 $a332$9ECONOMIA FINANZIARIA$v20 676 $a332.0945$9ECONOMIA FINANZIARIA. Italia$v21 676 $a332.45$9CAMBIO ESTERO$v21 676 $a332.452$9CAMBIO ESTERO CON PARITA' AUREA$v23 696 $aMonometallismo aureo$aSistema aureo$aGold standard$aSistema monetario aureo$aGold specie standard 699 $aMoneta aurea$yMonometallismo aureo 699 $aMoneta aurea$ySistema aureo 699 $aMoneta aurea$yGold standard 699 $aMoneta aurea$ySistema monetario aureo 699 $aMoneta aurea$yGold specie standard 700 1$aCabiati$b, Attilio$3RAVV005258$4070$0103261 801 3$aIT$bIT-000000$c20011025 850 $aIT-BN0095 $aIT-AV0004 901 $bNAP DV$cS. MODERNA$n$ 901 $bNAP 01$cPOZZO LIB.$nVi sono collocati fondi di economia, periodici di ingegneria e scienze, periodici di economia e statistica e altri fondi comprendenti documenti di economia pervenuti in dono. 912 $aRAV0168726 950 0$aBiblioteca Centralizzata di Ateneo$c1 v.$d 01POZZO LIB.F. PARRAVICINI 645$e 0101 0600166325E VMA 1 v. (Precedente collocazione P. 776)$fB $h20050930$i20231122 977 $a 01$a DV 996 $aRitorno all'oro$9234887 997 $aUNISANNIO